| 000 | 00384nam a2200157Ia 4500 | ||
|---|---|---|---|
| 008 | 151213s9999 xx 000 0 und d | ||
| 100 | _aDr. S.N . Shukla | ||
| 245 |
_aT. Property Act _cDr. S.N . Shukla |
||
| 250 | _a24th | ||
| 260 |
_aFaridabad _bAllahabad Law Agency _c2002 |
||
| 300 | _a6595 p. | ||
| 650 | _aLaw | ||
| 650 | _aLaw | ||
| 700 | _aDr. S.N . Shukla | ||
| 999 |
_c3652 _d3652 |
||